| 000 | 01028nam a2200349 a 4500 | ||
|---|---|---|---|
| 003 | AR-BaBNM | ||
| 005 | 20251128205356.0 | ||
| 008 | 082120s2002 ||||||||||||||000 | spa|| | ||
| 020 | _a84-276-0461-0 | ||
| 040 | _cAR-BaBNM | ||
| 100 | 1 | _aPower, Kevin | |
| 245 | 0 | 0 |
_aUna poética activa _bla poesía norteamericana : 1910 - 1975 |
| 260 |
_aMadrid _bEditora Nacional _c1978 |
||
| 300 | _a289 p. | ||
| 490 | 0 |
_aAlfar. De poesía _vv. 30 |
|
| 500 | _aContiene referencias bibliográficas en p. 283 | ||
| 650 | 4 | _aCRITICA LITERARIA | |
| 650 | 4 | _aBIOGRAFIAS | |
| 650 | 4 | _aLITERATURA ESTADOUNIDENSE | |
| 650 | 4 | _aLITERATURA CONTEMPORANEA | |
| 650 | 4 | _aESCRITORES | |
| 650 | 4 | _aVIDA LITERARIA | |
| 650 | 4 | _aCULTURAS LITERARIAS | |
| 655 | _aLITERATURA | ||
| 700 | 1 |
_aCarrasco, Alvaro _etraductor |
|
| 700 | 1 |
_aGarcía del Potro, Carmen _etraductor |
|
| 700 | 1 |
_aGodoy, Francisco _etraductor |
|
| 700 | 1 |
_aGuitart, Jorge _etraductor |
|
| 700 | 1 |
_aHernández, Mario _etraductor |
|
| 942 | _cBK | ||
| 998 | _cMARTIN | ||
| 999 |
_c11153 _d11153 |
||